Les Seconds de la Ligue des Champions - Statistiques

Statistiques générales
  • Ce quiz a été pris 216 fois
    3 depuis la dernière actualisation
  • Le résultat moyen est 28 sur 70
Statistiques - réponses
Année Club Pays % Correct
1991 Olympique de Marseille France
100%
1962 Real Madrid Espagne
100%
1964 Real Madrid Espagne
100%
1981 Real Madrid Espagne
100%
1958 AC Milan Italie
67%
1984 AC Milan Italie
67%
1993 AC Milan Italie
67%
1995 AC Milan Italie
67%
2005 AC Milan Italie
67%
1974 Atlético Madrid Espagne
67%
2014 Atlético Madrid Espagne
67%
2016 Atlético Madrid Espagne
67%
1961 FC Barcelone Espagne
67%
1986 FC Barcelone Espagne
67%
1994 FC Barcelone Espagne
67%
1982 FC Bayern Munich Allemagne
67%
1987 FC Bayern Munich Allemagne
67%
1999 FC Bayern Munich Allemagne
67%
2010 FC Bayern Munich Allemagne
67%
2012 FC Bayern Munich Allemagne
67%
1967 Inter Milan Italie
67%
1972 Inter Milan Italie
67%
2023 Inter Milan Italie
67%
2025 Inter Milan Italie
67%
1973 Juventus Turin Italie
67%
1983 Juventus Turin Italie
67%
1997 Juventus Turin Italie
67%
1998 Juventus Turin Italie
67%
2003 Juventus Turin Italie
67%
2015 Juventus Turin Italie
67%
2017 Juventus Turin Italie
67%
2020 Paris Saint-Germain France
67%
1956 Stade de Reims France
67%
1959 Stade de Reims France
67%
1957 ACF Fiorentina Italie
33%
1969 Ajax Amsterdam Pays-Bas
33%
1996 Ajax Amsterdam Pays-Bas
33%
2004 AS Monaco France
33%
2002 Bayer Leverkusen Allemagne
33%
2013 Borussia Dortmund Allemagne
33%
2024 Borussia Dortmund Allemagne
33%
2008 Chelsea FC Angleterre
33%
2021 Manchester City Angleterre
33%
1966 Partizan Belgrade Serbie
33%
1992 UC Sampdoria Italie
33%
2000 Valence CF Espagne
33%
2001 Valence CF Espagne
33%
2006 Arsenal FC Angleterre
0%
1976 AS Saint-Étienne France
0%
1977 Borussia Mönchengladbach Allemagne
0%
1970 Celtic Glasgow Écosse
0%
1978 Club Bruges Belgique
0%
1960 Eintracht Frankfurt Allemagne
0%
1989 FC Steaua Bucarest Roumanie
0%
1980 Hambourg SV Allemagne
0%
1975 Leeds United Angleterre
0%
1985 Liverpool FC Angleterre
0%
2007 Liverpool FC Angleterre
0%
2018 Liverpool FC Angleterre
0%
2022 Liverpool FC Angleterre
0%
1979 Malmö FF Suède
0%
2009 Manchester United Angleterre
0%
2011 Manchester United Angleterre
0%
1971 Panathinaikos Grèce
0%
1963 SL Benfica Portugal
0%
1965 SL Benfica Portugal
0%
1968 SL Benfica Portugal
0%
1988 SL Benfica Portugal
0%
1990 SL Benfica Portugal
0%
2019 Tottenham Hotspur Angleterre
0%
Aucun quiz correspondant
Distribution des résultats
% des personnes avec chaque résultat
Percentile par nombre de réponses
Votre historique - résultats
Vous n’avez pas pris ce quiz depuis la dernière actualisation